| Tag |
First Indicator |
Second Indicator |
Subfields |
| LEADER |
00000cam a2200000 i 4500 |
| 001 |
in00003419082 |
| 005 |
20130823103403.0 |
| 008 |
120828s2013 enka b 001 0 eng |
| 010 |
|
|
|a 2012033203
|
| 035 |
|
|
|a (OCoLC)ocn808684619
|
| 040 |
|
|
|a DLC
|e rda
|c DLC
|
| 020 |
|
|
|a 9780521513364 (hardback)
|
| 020 |
|
|
|a 0521513367 (hardback)
|
| 050 |
0 |
0 |
|a TP248.25.B55
|b L56 2013
|
| 082 |
0 |
0 |
|a 660/.6
|2 23
|
| 049 |
|
|
|a TXAM
|
| 100 |
1 |
|
|a Lim, Henry C.,
|d 1935-
|
| 245 |
1 |
0 |
|a Fed-batch cultures :
|b principles and applications of semi-batch bioreactors /
|c Henry C. Lim, University of California, Irvine, Hwa Sung Shin, Inha University.
|
| 264 |
|
1 |
|a Cambridge ;
|a New York :
|b Cambridge University Press,
|c 2013.
|
| 300 |
|
|
|a xvii, 457 pages :
|b illustrations ;
|c 27 cm.
|
| 336 |
|
|
|a text
|b txt
|2 rdacontent
|
| 337 |
|
|
|a unmediated
|b n
|2 rdamedia
|
| 338 |
|
|
|a volume
|b nc
|2 rdacarrier
|
| 490 |
1 |
|
|a Cambridge series in chemical engineering
|
| 504 |
|
|
|a Includes bibliographical references and index.
|
| 650 |
|
0 |
|a Bioreactors.
|
| 700 |
1 |
|
|a Shin, Hwa Sung,
|d 1974-
|
| 830 |
|
0 |
|a Cambridge series in chemical engineering.
|
| 945 |
|
|
|a PromptCat
|b 424590
|
| 946 |
|
|
|a stk
|
| 947 |
|
|
|a A14840627433
|
| 948 |
|
|
|a cataloged
|b h
|c 2013/8/23
|d c
|e dmitchel
|f 10:30:20 am
|
| 994 |
|
|
|a 92
|b TXA
|
| 999 |
f |
f |
|s c02b1dcd-f871-3f80-a6e7-995077100e6d
|i 8047dbba-b3f2-3e2a-bd23-174061cc08e3
|t 0
|
| 952 |
f |
f |
|p normal
|a Texas A&M University
|b College Station
|c Sterling C. Evans Library
|d Evans: Library Stacks
|t 0
|e TP248.25.B55 L56 2013
|h Library of Congress classification
|i unmediated -- volume
|m A14840627433
|
| 998 |
f |
f |
|a TP248.25.B55 L56 2013
|t 0
|l Evans: Library Stacks
|